| 000 -LEADER |
| fixed length control field |
00356nam a22001457a 4500 |
| 008 - FIXED-LENGTH DATA ELEMENTS--GENERAL INFORMATION |
| fixed length control field |
210311b ||||| |||| 00| 0 eng d |
| 020 ## - INTERNATIONAL STANDARD BOOK NUMBER |
| International Standard Book Number |
30118011626375 |
| 041 ## - LANGUAGE CODE |
| Language code of text/sound track or separate title |
eng |
| 080 ## - UNIVERSAL DECIMAL CLASSIFICATION NUMBER |
| Universal Decimal Classification number |
336 |
| 082 ## - DEWEY DECIMAL CLASSIFICATION NUMBER |
| Classification number |
336 |
| 100 ## - Rafti |
| Rafti |
56 |
| 101 ## - Shkurtesa |
| Shkurtesa |
FIN |
| 245 ## - TITLE STATEMENT |
| Title |
Manias, Panics, and Craches A History of Financial Crises |
| Statement of responsibility, etc |
Kindleberger,Ch,P |
| 942 ## - ADDED ENTRY ELEMENTS (KOHA) |
| Source of classification or shelving scheme |
|
| Item type |
Books |